000 00597nam a2200193 a 4500
001 000047820
003 DO-SdBNP
005 20260321073643.0
008 090908s1996 dr 000 0 spa d
040 _aDO-SdBNP
_bspa
_cBNPHU
082 _axxx
_bxxxx
100 1 _a Bosch, Juan,
_d1909-2001
_976555
245 1 0 _aHistoria del partido de la liberación dominicana :
_bcreación y desarrollo /
_cJuan Bosch.
250 _a2a. ed.
260 _aSanto Domingo :
_bSecretaría de Formación Politíca,
_c1996.
300 _a48 p. ;
_c22 cm.
590 _aInventariado, 2018/ YL
942 _2ddc
_cLBS1
999 _c47308
_d47308